[Event "Menorca op 3rd"]
[Site "Ciutadella de Menorca"]
[Date "2024.04.05"]
[Round "6"]
[White "Aryan, Chopra"]
[Black "Nihal, Sarin"]
[Result "1-0"]
[WhiteElo "2630"]
[BlackElo "2698"]
[PlyCount "271"]
[EventDate "2024.04.02"]
[EventType "swiss"]
[EventRounds "9"]
[EventCountry "ESP"]
[SourceTitle "CB15_2024"]
[SourceDate "2024.04.10"]
[SourceVersion "1"]
[SourceVersionDate "2024.04.10"]
[SourceQuality "1"]

1. e4 c5 2. Nf3 d6 3. d4 cxd4 4. Nxd4 Nf6 5. Nc3 a6 6. Be3 e5 7. Nb3 Be7 8. f3 h5 9. Qd2 Nbd7 10. Be2 Nb6 11. 0-0-0 Be6 12. h3 h4 13. f4 Qc7 14. Kb1 0-0-0 15. Bxb6 Qxb6 16. f5 Bd7 17. Bc4 Bc6 18. Rhe1 Rhf8 19. Nd5 Bxd5 20. Bxd5 Kb8 21. Na5 Rd7 22. Nc4 Qc5 23. Ne3 Nh5 24. Qe2 Nf4 25. Qg4 Bf6 26. Bb3 Rfd8 27. Nd5 Ka7 28. Rd2 Nxd5 29. Bxd5 Rc7 30. c3 Qb6 31. Ka1 Rdd7 32. Qd1 Kb8 33. a3 Rc8 34. Ka2 Rh8 35. Qa4 Rc7 36. Ree2 Ka7 37. Rd3 Rhc8 38. Qd1 Bg5 39. Bb3 Rd8 40. a4 Rdd7 41. Rc2 Rc5 42. Qh5 Bf6 43. Rcd2 Qc6 44. Rd5 Rxd5 45. Rxd5 Qb6 46. Qe2 Kb8 47. a5 Qc6 48. Ka3 Rd8 49. Qd3 Rc8 50. Ka2 Rd8 51. Bd1 Rd7 52. Kb1 Kc8 53. Bb3 Kb8 54. Qd1 Rd8 55. Kc2 Kc8 56. Qa1 Qc7 57. Qa3 Kd7 58. Qb4 Ke7 59. Rd1 Kf8 60. Bd5 Rb8 61. Ra1 Bd8 62. Qc4 Qxc4 63. Bxc4 Ke7 64. Bd5 Kf6 65. Kd3 Kg5 66. Bxf7 Kf4 67. b4 Kg3 68. Ra2 b6 69. axb6 Bxb6 70. Rxa6 Kxg2 71. Be6 d5 72. c4 dxc4+ 73. Kxc4 Kf3 74. f6 gxf6 75. Bf5 Rb7 76. b5 Rc7+ 77. Kd5 Bd4 78. b6 Rc5+ 79. Kd6 Rb5 80. Kc7 Rc5+ 81. Kb8 Rc6 82. Kb7 Rd6 83. Ra3+ Kf4 84. Rb3 Bc5 85. Rb5 Ba3 86. Kc8 Rd4 87. b7 Bd6 88. Rc5 Bxc5 89. b8Q Bb4 90. Qb6 Be1 91. Qxf6 Bg3 92. Bg4+ Ke3 93. Qf3+ Kd2 94. Qe2+ Kc3 95. Be6 Rd3 96. Bd5 Rd4 97. Kc7 Rd3 98. Kd6 Kd4 99. Bb7 Kc3+ 100. Kc5 Rd2 101. Qc4+ Kb2 102. Kb5 Rd4 103. Qe2+ Kc3 104. Bd5 Rb4+ 105. Kc5 Rd4 106. Qa2 Kd3 107. Qb3+ Ke2 108. Qc3 Kf2 109. Kd6 Kg2 110. Qc8 Kf3 111. Ke6 Kg2 112. Kf6 Rd2 113. Kg5 Rf2 114. Be6 Kh2 115. Qc3 Kg2 116. Bg4 Rf1 117. Qc2+ Kg1 118. Be2 Rf2 119. Qd1+ Kg2 120. Kh5 Rf4 121. Qa1 Rf2 122. Bc4 Kh2 123. Kg4 Rf4+ 124. Kg5 Rf2 125. Bf1 Kg1 126. Be2+ Kg2 127. Qd1 Rf4 128. Kh5 Rf6 129. Bg4 Rf4 130. Qe2+ Rf2 131. Bf3+ Kg1 132. Qe1+ Rf1 133. Qe3+ Bf2 134. Qd2 Kh2 135. Qe2 Kg1 136. Qb2 1-0

[Event "Titled Tuesday intern op 13th Feb Late"]
[Site "Chess.com INT"]
[Date "2024.02.13"]
[Round "3"]
[White "Nihal, Sarin"]
[Black "Mahdavi, Reza"]
[Result "0-1"]
[WhiteElo "2693"]
[BlackElo "2312"]
[PlyCount "98"]
[EventDate "2024.02.13"]
[EventType "swiss (blitz)"]
[EventRounds "11"]
[EventCountry "USA"]
[SourceTitle "CB08_2024"]
[SourceDate "2024.02.21"]
[SourceVersion "1"]
[SourceVersionDate "2024.02.21"]
[SourceQuality "1"]

1. d4 d5 2. c4 e6 3. Nf3 Nf6 4. Nc3 Nbd7 5. c5 c6 6. Bf4 b6 7. b4 a5 8. a3 Ba6 9. e3 Bxf1 10. Kxf1 b5 11. h3 Be7 12. g4 0-0 13. Kg2 Re8 14. Qd3 Nf8 15. Ne5 Qc8 16. Bg3 N6d7 17. Nxc6 Qxc6 18. Nxb5 e5 19. dxe5 Ng6 20. Nd4 Qa4 21. e6 fxe6 22. Nxe6 Rac8 23. Nc7 Red8 24. Nxd5 Qc6 25. e4 Bf6 26. Rac1 axb4 27. axb4 Nde5 28. Qb3 Kh8 29. b5 Qe6 30. Rhe1 Bg5 31. Rc2 Rf8 32. c6 Nf3 33. Qxf3 Rxf3 34. Kxf3 Rf8+ 35. Kg2 Qf7 36. c7 Qf3+ 37. Kg1 Nh4 38. Ne3 Bxe3 39. Bxh4 Qxh3 40. Rxe3 Qxg4+ 41. Bg3 Qd1+ 42. Kg2 Qxc2 43. b6 Qc6 44. Rb3 Qxe4+ 45. Kg1 Ra8 46. f3 Ra1+ 47. Kg2 Qc2+ 48. Bf2 Qg6+ 49. Kh3 Rh1# 0-1

[Event "Titled Tuesday intern op 13th Feb Late"]
[Site "Chess.com INT"]
[Date "2024.02.13"]
[Round "5"]
[White "Tristan, Leonardo"]
[Black "Nihal, Sarin"]
[Result "0-1"]
[WhiteElo "2515"]
[BlackElo "2693"]
[PlyCount "86"]
[EventDate "2024.02.13"]
[EventType "swiss (blitz)"]
[EventRounds "11"]
[EventCountry "USA"]
[SourceTitle "CB08_2024"]
[SourceDate "2024.02.21"]
[SourceVersion "1"]
[SourceVersionDate "2024.02.21"]
[SourceQuality "1"]

1. d4 Nf6 2. Nf3 d5 3. Bf4 Bf5 4. e3 e6 5. Nbd2 Bd6 6. Ne5 0-0 7. g4 Bxe5 8. dxe5 Nxg4 9. Rg1 Qh4 10. Rg3 f6 11. Nf3 Qh5 12. Be2 Qe8 13. h3 fxe5 14. Nxe5 Nxe5 15. Bxe5 Bg6 16. h4 Nc6 17. Bxg7 Kxg7 18. h5 Qf7 19. f4 Qf6 20. hxg6 hxg6 21. Bd3 Ne7 22. Kd2 Rh8 23. Qg1 Rh6 24. Rf1 Rah8 25. Rf2 Qxb2 26. Rfg2 Qf6 27. Rg5 Kf7 28. Qb1 b6 29. Qb5 c5 30. Qd7 Rg8 31. c3 a5 32. a4 Rg7 33. Kc2 c4 34. Be2 Rh3 35. Kd2 Rh1 36. Bg4 Kg8 37. Bxe6+ Kh7 38. R5g3 Nf5 39. Qxd5 Nxg3 40. Rxg3 Rh2+ 41. Kd1 Qxc3 42. Rh3+ Rxh3 43. Bxh3 Qxe3 0-1

[Event "Titled Tuesday intern op 06th Feb Late"]
[Site "Chess.com INT"]
[Date "2024.02.06"]
[Round "8"]
[White "Nakamura, Hikaru"]
[Black "Nihal, Sarin"]
[Result "1/2-1/2"]
[WhiteElo "2788"]
[BlackElo "2693"]
[PlyCount "40"]
[EventDate "2024.02.06"]
[EventType "swiss (blitz)"]
[EventRounds "11"]
[EventCountry "USA"]
[SourceTitle "CB07_2024"]
[SourceDate "2024.02.14"]
[SourceVersion "1"]
[SourceVersionDate "2024.02.14"]
[SourceQuality "1"]

1. e4 c6 2. Nc3 d5 3. Nf3 dxe4 4. Nxe4 Nf6 5. Qe2 Nxe4 6. Qxe4 Be6 7. b3 Bd5 8. Qe3 Nd7 9. Bb2 e6 10. Qf4 Nf6 11. Ne5 Bd6 12. Qg5 0-0 13. Nd7 Nh5 14. Qxh5 Qxd7 15. Bxg7 Kxg7 16. Qg5+ Kh8 17. Qf6+ Kg8 18. Qg5+ Kh8 19. Qf6+ Kg8 20. Qg5+ Kh8 1/2-1/2

[Event "Wch Blitz"]
[Site "Samarkand"]
[Date "2023.12.29"]
[Round "1"]
[White "Nogerbek, Kazybek"]
[Black "Nihal, Sarin"]
[Result "1/2-1/2"]
[WhiteElo "2483"]
[BlackElo "2688"]
[PlyCount "120"]
[EventDate "2023.12.29"]
[EventType "swiss (blitz)"]
[EventRounds "21"]
[EventCountry "UZB"]
[SourceTitle "CB01_2024"]
[SourceDate "2024.01.03"]
[SourceVersion "1"]
[SourceVersionDate "2024.01.03"]
[SourceQuality "1"]

1. d4 Nf6 2. c4 e6 3. Nf3 d5 4. Nc3 Be7 5. Bf4 0-0 6. e3 b6 7. cxd5 Nxd5 8. Nxd5 Qxd5 9. a3 Bd6 10. Bg3 Nd7 11. Rc1 Bb7 12. Be2 Bxg3 13. hxg3 c5 14. dxc5 Nxc5 15. Qxd5 Bxd5 16. b4 Nb3 17. Bd3 g6 18. Rb1 Rac8 19. e4 Nc1 20. Kd2 Nxd3 21. Kxd3 Bb7 22. Rbc1 Rfd8+ 23. Ke3 Kg7 24. Nd4 e5 25. Ne2 Ba6 26. Rhd1 Rxc1 27. Rxd8 Ra1 28. Nc3 Rxa3 29. Kd2 Rb3 30. Nd5 Rd3+ 31. Kc2 Rd4 32. f3 Bf1 33. Ra8 Bxg2 34. Rxa7 Bxf3 35. Kc3 Bxe4 36. Nxb6 Rd3+ 37. Kc4 Rxg3 38. Nd7 Rg5 39. Nc5 Bf3 40. Ne6+ Kf6 41. Nxg5 Kxg5 42. Rxf7 Be2+ 43. Kd5 h5 44. Kxe5 Kg4 45. Rf2 Bb5 46. Rg2+ Kf3 47. Rxg6 h4 48. Rh6 Kg3 49. Ke4 h3 50. Ke3 Kg2 51. Rg6+ Kf1 52. Rf6+ Kg2 53. Rg6+ Kf1 54. Kf3 h2 55. Rh6 Bc6+ 56. Ke3 h1Q 57. Rxh1+ Bxh1 58. b5 Bg2 59. b6 Bh1 60. b7 Bxb7 1/2-1/2

[Event "Wch Rapid"]
[Site "Samarkand"]
[Date "2023.12.28"]
[Round "13"]
[White "Nihal, Sarin"]
[Black "Narayanan, Sunilduth Lyna"]
[Result "1/2-1/2"]
[WhiteElo "2688"]
[BlackElo "2677"]
[PlyCount "51"]
[EventDate "2023.12.26"]
[EventType "swiss (rapid)"]
[EventRounds "13"]
[EventCountry "UZB"]
[SourceTitle "CB01_2024"]
[SourceDate "2024.01.03"]
[SourceVersion "1"]
[SourceVersionDate "2024.01.03"]
[SourceQuality "1"]

1. d4 Nf6 2. Nf3 d5 3. Bf4 c5 4. e3 Nc6 5. h3 cxd4 6. exd4 Bf5 7. c3 e6 8. Be2 Bd6 9. Bxd6 Qxd6 10. 0-0 0-0 11. Re1 Rab8 12. a4 Qc7 13. Bd3 Ne4 14. Qe2 Nd6 15. Nbd2 Bxd3 16. Qxd3 h6 17. g3 b5 18. axb5 Rxb5 19. b3 Ra5 20. Kg2 Rxa1 21. Rxa1 Rb8 22. h4 Na5 23. b4 Nac4 24. Nxc4 Nxc4 25. Nd2 a5 26. bxa5 1/2-1/2

[Event "Wch Rapid"]
[Site "Samarkand"]
[Date "2023.12.27"]
[Round "8"]
[White "Chigaev, Maksim"]
[Black "Nihal, Sarin"]
[Result "1/2-1/2"]
[WhiteElo "2621"]
[BlackElo "2688"]
[PlyCount "97"]
[EventDate "2023.12.26"]
[EventType "swiss (rapid)"]
[EventRounds "13"]
[EventCountry "UZB"]
[SourceTitle "CB01_2024"]
[SourceDate "2024.01.03"]
[SourceVersion "1"]
[SourceVersionDate "2024.01.03"]
[SourceQuality "1"]

1. c4 e6 2. g3 d5 3. Bg2 Nf6 4. Nf3 dxc4 5. 0-0 Nbd7 6. Qc2 a6 7. a4 Rb8 8. Qxc4 b5 9. Qc2 Bb7 10. Nc3 bxa4 11. Qxa4 Bd6 12. Qc2 0-0 13. d3 h6 14. e4 c5 15. h3 Ne5 16. Nxe5 Bxe5 17. Ne2 Qb6 18. Ra2 Rfc8 19. Be3 Bd4 20. Bf4 e5 21. Bd2 Bc6 22. Rfa1 Bb5 23. Ba5 Qd6 24. Nxd4 cxd4 25. Qd2 Nd7 26. Ra3 Rc6 27. Bf3 Rbc8 28. Bd1 Qg6 29. Bb4 Nf6 30. Kh2 h5 31. Be7 R8c7 32. Bd8 Rc8 33. Be7 R6c7 34. Bb4 h4 35. gxh4 Nh5 36. Qg5 Qxg5 37. hxg5 Nf4 38. Bd6 Nxd3 39. Bxc7 Rxc7 40. Kg3 Nxb2 41. Bb3 Rc3+ 42. f3 g6 43. R1a2 Nd3 44. Ba4 Bxa4 45. Rxa4 Nc5 46. Rxa6 Nxa6 47. Rxa6 Rc5 48. Ra8+ Kg7 49. Rd8 1/2-1/2